[Event "Titled Tuesday 2024.08.06 Early"]
[Site "chess.com INT"]
[Date "2024.08.06"]
[Round "4"]
[White "Ghoreishi Amiri, Seyed Kian"]
[Black "Samsonkin, Artiom"]
[Result "1-0"]
[WhiteElo "2063"]
[BlackElo "2363"]
[WhiteFideId "-1"]
[WhiteFideId "-1"]
[PlyCount "69"]
[GameId "2130307540319427"]
[EventDate "2024.08.06"]
[EventType "swiss (blitz)"]
[EventRounds "11"]
[EventCountry "NET"]
[SourceTitle "The Week in Chess 1553"]
[Source "Mark Crowther"]
[SourceDate "2024.08.12"]
[SourceVersion "2"]
[SourceVersionDate "2024.08.13"]
[SourceQuality "2"]

1. e4 c5 2. Nf3 e6 3. g3 d5 4. exd5 exd5 5. Bg2 Nf6 6. O-O Nc6 7. d4 Bg4 8. dxc5 Bxc5 9. h3 Bh5 10. Re1+ Be7 11. Nc3 O-O 12. Bg5 d4 13. Ne2 Qa5 14. Bxf6 Bxf6 15. Nf4 Bg6 16. Nxg6 fxg6 17. Nd2 d3 18. c3 Rad8 19. Qb3+ Kh8 20. Qxb7 Ne5 21. Qe4 Qb6 22. Qb4 Qc7 23. Rad1 Rb8 24. Qa3 Be7 25. b4 Rf5 26. f4 Nf7 27. Qb3 Bc5+ 28. bxc5 g5 29. Qe6 Nh6 30. Qd6 Qc8 31. Rb1 Rxb1 32. Rxb1 Rf8 33. c6 Nf5 34. Qd7 Qa8 35. c7 1-0

[Event "Titled Tuesday 2024.08.06 Early"]
[Site "chess.com INT"]
[Date "2024.08.06"]
[Round "7"]
[White "Osmak, Yuliia"]
[Black "Samsonkin, Artiom"]
[Result "0-1"]
[WhiteElo "2471"]
[BlackElo "2363"]
[WhiteFideId "-1"]
[WhiteFideId "-1"]
[PlyCount "88"]
[GameId "2130307540332002"]
[EventDate "2024.08.06"]
[EventType "swiss (blitz)"]
[EventRounds "11"]
[EventCountry "NET"]
[SourceTitle "The Week in Chess 1553"]
[Source "Mark Crowther"]
[SourceDate "2024.08.12"]
[SourceVersion "2"]
[SourceVersionDate "2024.08.13"]
[SourceQuality "2"]

1. d4 d5 2. Nf3 Nf6 3. c3 g6 4. Bf4 Bg7 5. e3 O-O 6. Nbd2 c5 7. Bd3 Nc6 8. h3 Qb6 9. Rb1 Re8 10. O-O Nh5 11. Bh2 e5 12. e4 c4 13. exd5 cxd3 14. dxc6 e4 15. Nc4 Qxc6 16. Nfe5 Qa6 17. b4 Qe6 18. Qb3 f6 19. Nd6 Qxb3 20. axb3 Rd8 21. Nec4 f5 22. f3 Nf6 23. Be5 Nd5 24. fxe4 Nxc3 25. Rbe1 Bxe5 26. dxe5 Be6 27. Re3 b5 28. Na5 fxe4 29. Nc6 Rf8 30. Nd4 Rxf1+ 31. Kxf1 d2 32. Re1 dxe1=Q+ 33. Kxe1 Bd5 34. Kd2 Na2 35. Ke3 Nxb4 36. Kf4 a5 37. N4xb5 Nd3+ 38. Kg5 Nxe5 39. Kf6 Nd7+ 40. Ke7 Nc5 41. Nc7 Ra7 42. Ndb5 Rxc7+ 43. Nxc7 Bxb3 44. Kd6 e3 0-1

[Event "Titled Tuesday 2024.08.06 Early"]
[Site "chess.com INT"]
[Date "2024.08.06"]
[Round "10"]
[White "Durarbayli, Vasif"]
[Black "Samsonkin, Artiom"]
[Result "0-1"]
[WhiteElo "2626"]
[BlackElo "2363"]
[WhiteFideId "-1"]
[WhiteFideId "-1"]
[PlyCount "106"]
[GameId "2130307540340387"]
[EventDate "2024.08.06"]
[EventType "swiss (blitz)"]
[EventRounds "11"]
[EventCountry "NET"]
[SourceTitle "The Week in Chess 1553"]
[Source "Mark Crowther"]
[SourceDate "2024.08.12"]
[SourceVersion "2"]
[SourceVersionDate "2024.08.13"]
[SourceQuality "2"]

1. e4 c5 2. Nf3 e6 3. d4 cxd4 4. Nxd4 a6 5. c4 Nf6 6. Nc3 Bb4 7. Nc2 Bxc3+ 8. bxc3 Nc6 9. Ba3 Nxe4 10. Qg4 f5 11. Qxg7 Qf6 12. Qxf6 Nxf6 13. f3 Kf7 14. Kf2 Rd8 15. Bd6 Ne8 16. Bc5 d6 17. Bb6 Rd7 18. Be2 Re7 19. Rhd1 Ne5 20. g3 Bd7 21. f4 Ng4+ 22. Bxg4 fxg4 23. Ne3 h5 24. c5 d5 25. c4 Ba4 26. Rd4 Bc6 27. cxd5 exd5 28. Nxd5 Bxd5 29. Rxd5 Nf6 30. Rd8 Ne4+ 31. Kg2 Rxd8 32. Bxd8 Rd7 33. Ba5 Nxc5 34. Rc1 Rd5 35. Rc2 Ke6 36. Re2+ Kf5 37. h3 Ne4 38. hxg4+ hxg4 39. Be1 Rd1 40. a4 b5 41. axb5 axb5 42. Ba5 Ra1 43. Be1 Rb1 44. Ba5 b4 45. Bb6 b3 46. Bd4 Rd1 47. Be5 Rd2 48. Rxd2 Nxd2 49. Kf2 Nc4 50. Bc3 b2 51. Bxb2 Nxb2 52. Ke3 Nc4+ 53. Kd4 Nd6 0-1

[Event "Titled Tuesday 2024.07.30 Early"]
[Site "Chess.com INT"]
[Date "2024.07.30"]
[Round "1"]
[White "Sipahioglu, Irmak"]
[Black "Samsonkin, Artiom"]
[Result "0-1"]
[WhiteElo "2061"]
[BlackElo "2363"]
[WhiteFideId "-1"]
[WhiteFideId "-1"]
[PlyCount "84"]
[GameId "2075361422217216"]
[EventDate "2024.07.30"]
[EventType "swiss (blitz)"]
[EventRounds "11"]
[EventCountry "NET"]
[SourceTitle "EXT 2025"]
[Source "ChessBase"]
[SourceDate "2024.10.14"]
[SourceVersion "1"]
[SourceVersionDate "2024.10.14"]
[SourceQuality "1"]

1. d4 d5 2. c4 dxc4 3. e3 e5 4. Bxc4 exd4 5. exd4 Bb4+ 6. Nc3 Bd6 7. Nf3 Nf6 8. O-O O-O 9. Bg5 h6 10. Bh4 Bg4 11. Qd3 Nc6 12. Rad1 Be7 13. Bg3 Nb4 14. Qe3 c6 15. Rd2 Nbd5 16. Nxd5 cxd5 17. Bb3 Bb4 18. Rc2 Bf5 19. Rc7 Re8 20. Qf4 Be4 21. Rfc1 Re7 22. Rxe7 Qxe7 23. Ne5 Nh5 24. Qh4 Nxg3 25. Qxg3 Re8 26. f3 Bf5 27. Qf4 Be6 28. a3 Bd6 29. Qd2 f6 30. Nd3 Bf7 31. Nf4 Qe3+ 32. Qxe3 Rxe3 33. Rc8+ Kh7 34. Bc2+ g6 35. Nd3 Re2 36. Kf1 Rd2 37. h4 Be6 38. Ne1 Bxc8 39. h5 Bf5 40. hxg6+ Bxg6 41. Bb3 Rxb2 42. Bxd5 Bg3 0-1

[Event "Titled Tuesday 2024.07.30 Early"]
[Site "Chess.com INT"]
[Date "2024.07.30"]
[Round "3"]
[White "Mika, Tomasz1"]
[Black "Samsonkin, Artiom"]
[Result "0-1"]
[WhiteElo "2183"]
[BlackElo "2363"]
[WhiteFideId "-1"]
[WhiteFideId "-1"]
[PlyCount "60"]
[GameId "2075361424134144"]
[EventDate "2024.07.30"]
[EventType "swiss (blitz)"]
[EventRounds "11"]
[EventCountry "NET"]
[SourceTitle "EXT 2025"]
[Source "ChessBase"]
[SourceDate "2024.10.14"]
[SourceVersion "1"]
[SourceVersionDate "2024.10.14"]
[SourceQuality "1"]

1. Nf3 Nf6 2. c4 b6 3. g3 Bb7 4. Bg2 g6 5. b3 Bg7 6. Bb2 O-O 7. O-O c5 8. d4 cxd4 9. Nxd4 Bxg2 10. Kxg2 Qc7 11. Nf3 Na6 12. Nc3 Nc5 13. Nb5 Qb7 14. h3 Rfd8 15. Nc3 d5 16. Qc2 d4 17. Nb5 e5 18. Kg1 a6 19. Na3 d3 20. Qd1 e4 21. Nh2 b5 22. cxb5 axb5 23. Nb1 Qd7 24. Kg2 dxe2 25. Qxe2 Nd3 26. Rd1 Nf4+ 27. gxf4 Qxd1 28. Qxd1 Rxd1 29. Nc3 Rxa1 30. Bxa1 Nh5 0-1

[Event "Titled Tuesday 2024.07.30 Early"]
[Site "Chess.com INT"]
[Date "2024.07.30"]
[Round "4"]
[White "Samsonkin, Artiom"]
[Black "Sjugirov, Sanan"]
[Result "0-1"]
[WhiteElo "2363"]
[BlackElo "2651"]
[WhiteFideId "-1"]
[WhiteFideId "-1"]
[PlyCount "84"]
[GameId "2075361426071552"]
[EventDate "2024.07.30"]
[EventType "swiss (blitz)"]
[EventRounds "11"]
[EventCountry "NET"]
[SourceTitle "EXT 2025"]
[Source "ChessBase"]
[SourceDate "2024.10.14"]
[SourceVersion "1"]
[SourceVersionDate "2024.10.14"]
[SourceQuality "1"]

1. e4 c5 2. Nf3 d6 3. d4 cxd4 4. Qxd4 Nf6 5. Nc3 a6 6. Bc4 Nc6 7. Qd3 e6 8. O-O Be7 9. Bb3 O-O 10. Bf4 Qc7 11. Rad1 Rd8 12. Bg3 b5 13. Rfe1 Bb7 14. Bh4 h6 15. Qe2 Rac8 16. Bg3 Nh5 17. Nd4 Nxg3 18. hxg3 Nxd4 19. Rxd4 Bf6 20. Rd3 b4 21. Nd1 a5 22. Rf3 Qc6 23. Rxf6 gxf6 24. Qg4+ Kf8 25. Qh4 Kg7 26. Qg4+ Kh7 27. Qh4 Qc5 28. Qxf6 Rd7 29. e5 dxe5 30. Ne3 e4 31. Ng4 Qh5 32. Qf4 e5 33. Nxe5 Rd1 34. Rxd1 Qxd1+ 35. Kh2 Qh5+ 36. Kg1 Rd8 37. c3 bxc3 38. bxc3 f5 39. g4 Qg5 40. Qxg5 hxg5 41. gxf5 Kg7 42. g4 Rd2 0-1

[Event "Titled Tuesday 2024.07.30 Early"]
[Site "Chess.com INT"]
[Date "2024.07.30"]
[Round "6"]
[White "Tologontegin, Semetey"]
[Black "Samsonkin, Artiom"]
[Result "1-0"]
[WhiteElo "2337"]
[BlackElo "2363"]
[WhiteFideId "-1"]
[WhiteFideId "-1"]
[PlyCount "85"]
[GameId "2075361428271104"]
[EventDate "2024.07.30"]
[EventType "swiss (blitz)"]
[EventRounds "11"]
[EventCountry "NET"]
[SourceTitle "EXT 2025"]
[Source "ChessBase"]
[SourceDate "2024.10.14"]
[SourceVersion "1"]
[SourceVersionDate "2024.10.14"]
[SourceQuality "1"]

1. d4 Nf6 2. c4 e6 3. Nc3 Bb4 4. e3 O-O 5. Bd3 b6 6. Nge2 Bb7 7. O-O d5 8. cxd5 exd5 9. Bd2 a6 10. Rc1 Re8 11. Ng3 g6 12. Nce2 Bd6 13. Nf4 Nbd7 14. a3 Nf8 15. Bb4 Bxb4 16. axb4 Qd6 17. Qb3 h5 18. Rfe1 Re7 19. h3 h4 20. Nf1 Rae8 21. Red1 Kg7 22. Ra1 g5 23. Ne2 b5 24. Nh2 Ng6 25. Rdc1 Bc8 26. Qc2 g4 27. hxg4 Nxg4 28. Nxg4 Bxg4 29. Qc6 Qxb4 30. Rxa6 Re6 31. Qxb5 Qxb5 32. Bxb5 Rxa6 33. Bxa6 Bxe2 34. Bxe2 Rb8 35. Rxc7 Rxb2 36. Bf3 Rb1+ 37. Kh2 Rf1 38. Bxd5 Rxf2 39. Kh3 Rf1 40. Be4 Nf8 41. Bf3 Ne6 42. Ra7 Ng5+ 43. Kg4 1-0

[Event "Titled Tuesday 2024.07.30 Early"]
[Site "Chess.com INT"]
[Date "2024.07.30"]
[Round "7"]
[White "Samsonkin, Artiom"]
[Black "Le, Quang Long"]
[Result "0-1"]
[WhiteElo "2363"]
[BlackElo "2380"]
[WhiteFideId "-1"]
[WhiteFideId "-1"]
[PlyCount "106"]
[GameId "2075361429483520"]
[EventDate "2024.07.30"]
[EventType "swiss (blitz)"]
[EventRounds "11"]
[EventCountry "NET"]
[SourceTitle "EXT 2025"]
[Source "ChessBase"]
[SourceDate "2024.10.14"]
[SourceVersion "1"]
[SourceVersionDate "2024.10.14"]
[SourceQuality "1"]

1. e4 c6 2. Nc3 d5 3. Nf3 Bg4 4. h3 Bxf3 5. Qxf3 e6 6. d4 Nf6 7. Bd3 b5 8. exd5 exd5 9. O-O Be7 10. Re1 O-O 11. Bg5 Nbd7 12. a4 bxa4 13. Rxa4 Re8 14. Ne2 Ne4 15. Bf4 Bf6 16. Rea1 Qb6 17. b3 c5 18. Ra6 Qb7 19. Qh5 cxd4 20. Ng3 Nb6 21. Nf5 Re6 22. Bxe4 dxe4 23. Nd6 Rxd6 24. Bxd6 d3 25. Be5 g6 26. Qd1 Bxe5 27. R1a5 Bc3 28. Ra2 d2 29. b4 Bxb4 30. c3 Bxc3 31. R6a3 Bb4 32. Rb3 a5 33. Rxd2 Bxd2 34. Qxd2 Qc6 35. Kh2 a4 36. Rc3 Qe6 37. Qd4 a3 38. Rc1 a2 39. Ra1 Nd7 40. g3 Qe5 41. Qd1 Nf6 42. Kg2 Qf5 43. Qc2 Qf3+ 44. Kh2 e3 45. fxe3 Qxe3 46. Rxa2 Rxa2 47. Qxa2 Ne4 48. Qa8+ Kg7 49. Qa1+ Kh6 50. Qe5 Qf2+ 51. Kh1 Nxg3+ 52. Qxg3 Qxg3 53. h4 Qxh4+ 0-1

[Event "Titled Tuesday 2024.07.30 Early"]
[Site "Chess.com INT"]
[Date "2024.07.30"]
[Round "9"]
[White "Samsonkin, Artiom"]
[Black "Ambartsumova, Karina"]
[Result "1-0"]
[WhiteElo "2363"]
[BlackElo "2404"]
[WhiteFideId "-1"]
[WhiteFideId "-1"]
[PlyCount "77"]
[GameId "2075361431347200"]
[EventDate "2024.07.30"]
[EventType "swiss (blitz)"]
[EventRounds "11"]
[EventCountry "NET"]
[SourceTitle "EXT 2025"]
[Source "ChessBase"]
[SourceDate "2024.10.14"]
[SourceVersion "1"]
[SourceVersionDate "2024.10.14"]
[SourceQuality "1"]

1. e4 e5 2. Nf3 Nc6 3. d4 exd4 4. Bc4 Nf6 5. e5 d5 6. Bb5 Ne4 7. Nxd4 Bd7 8. Bxc6 bxc6 9. O-O Bc5 10. f3 Ng5 11. Be3 O-O 12. f4 Ne4 13. Nd2 f6 14. Nxe4 dxe4 15. Qe2 Bg4 16. Qc4+ Qd5 17. Qxd5+ cxd5 18. h3 fxe5 19. fxe5 Bd7 20. Rxf8+ Rxf8 21. Rd1 h6 22. Nf5 Rxf5 23. Bxc5 Rxe5 24. Bxa7 Bb5 25. Be3 c6 26. b3 Rf5 27. a4 Ba6 28. Kh2 Kf7 29. a5 Rf1 30. Rxf1+ Bxf1 31. c4 dxc4 32. a6 cxb3 33. a7 b2 34. a8=Q b1=Q 35. Qa7+ Kg6 36. Bd4 Kh5 37. Qxg7 Qd1 38. g4+ Kh4 39. Bf2# 1-0

[Event "Titled Tuesday 2024.07.30 Early"]
[Site "Chess.com INT"]
[Date "2024.07.30"]
[Round "10"]
[White "Dinu, Dumitru Daniel"]
[Black "Samsonkin, Artiom"]
[Result "0-1"]
[WhiteElo "2190"]
[BlackElo "2363"]
[WhiteFideId "-1"]
[WhiteFideId "-1"]
[PlyCount "76"]
[GameId "2075361432285184"]
[EventDate "2024.07.30"]
[EventType "swiss (blitz)"]
[EventRounds "11"]
[EventCountry "NET"]
[SourceTitle "EXT 2025"]
[Source "ChessBase"]
[SourceDate "2024.10.14"]
[SourceVersion "1"]
[SourceVersionDate "2024.10.14"]
[SourceQuality "1"]

1. e4 c5 2. Nf3 d6 3. d4 cxd4 4. Nxd4 Nf6 5. Bd3 Nc6 6. Be3 d5 7. exd5 Nxd5 8. Nxc6 bxc6 9. Bd2 e5 10. Nc3 Be7 11. O-O O-O 12. Re1 Qc7 13. Qf3 Be6 14. Qe4 Nf6 15. Qxe5 Bd6 16. Qe2 Bxh2+ 17. Kh1 Bf4 18. Bxf4 Qxf4 19. Qe3 Qh4+ 20. Kg1 Rab8 21. b3 Ng4 22. Qf4 a5 23. Ne4 h6 24. f3 f5 25. Qg3 Qe7 26. Nd6 Nf6 27. Bxf5 Qa7+ 28. Kh1 Bxf5 29. Nxf5 Nh5 30. Qg6 Rxf5 31. g4 Qf2 32. Rg1 Qxf3+ 33. Kh2 Qf2+ 34. Rg2 Qh4+ 35. Kg1 Rg5 36. Qe6+ Kh8 37. gxh5 Qd4+ 38. Kh1 Qxa1+ 0-1

[Event "Titled Tuesday 2024.07.30 Early"]
[Site "chess.com INT"]
[Date "2024.07.30"]
[Round "2"]
[White "Samsonkin, Artiom"]
[Black "Ismayil, Malak"]
[Result "1-0"]
[WhiteElo "2363"]
[BlackElo "2157"]
[WhiteFideId "-1"]
[WhiteFideId "-1"]
[PlyCount "61"]
[GameId "2130307540725809"]
[EventDate "2024.07.30"]
[EventType "swiss (blitz)"]
[EventRounds "11"]
[EventCountry "NET"]
[SourceTitle "The Week in Chess 1552"]
[Source "Mark Crowther"]
[SourceDate "2024.08.05"]
[SourceVersion "1"]
[SourceVersionDate "2024.08.05"]
[SourceQuality "2"]

1. e4 e5 2. Nf3 Nc6 3. d4 exd4 4. Bc4 Bc5 5. c3 Nf6 6. b4 Bb6 7. e5 d5 8. exf6 dxc4 9. Qe2+ Be6 10. b5 Na5 11. fxg7 Rg8 12. cxd4 Rxg7 13. Nc3 Qe7 14. O-O O-O-O 15. d5 Rdg8 16. dxe6 Rxg2+ 17. Kh1 fxe6 18. Bf4 R2g4 19. Bg3 Qf6 20. Ne5 R4g7 21. Rad1 Bc5 22. Ne4 Qe7 23. Nxc4 Nxc4 24. Qxc4 Bb6 25. a4 Rg4 26. f3 R4g6 27. Nd6+ Kb8 28. Qe4 c6 29. Nf5+ Rxg3 30. Nxe7 Rg2 31. Nxg8 1-0

[Event "Titled Tuesday 2024.07.30 Early"]
[Site "chess.com INT"]
[Date "2024.07.30"]
[Round "5"]
[White "Samsonkin, Artiom"]
[Black "Sargsyan, Anna M"]
[Result "1-0"]
[WhiteElo "2363"]
[BlackElo "2371"]
[WhiteFideId "-1"]
[WhiteFideId "-1"]
[PlyCount "61"]
[GameId "2130307540738373"]
[EventDate "2024.07.30"]
[EventType "swiss (blitz)"]
[EventRounds "11"]
[EventCountry "NET"]
[SourceTitle "The Week in Chess 1552"]
[Source "Mark Crowther"]
[SourceDate "2024.08.05"]
[SourceVersion "1"]
[SourceVersionDate "2024.08.05"]
[SourceQuality "2"]

1. e4 e5 2. Nf3 Nc6 3. d4 exd4 4. Bc4 Nf6 5. e5 d5 6. Bb5 Nd7 7. O-O Be7 8. c3 dxc3 9. Nxc3 O-O 10. Nxd5 Ndxe5 11. Re1 Bd6 12. Nxe5 Nxe5 13. Be2 Bf5 14. Ne3 Be6 15. f4 Nc6 16. f5 Qh4 17. g3 Bxg3 18. hxg3 Qxg3+ 19. Ng2 Rad8 20. Bf4 Qh3 21. Bg4 Rxd1 22. Bxh3 Rxe1+ 23. Nxe1 Bd5 24. Bxc7 Nd4 25. Rd1 Nf3+ 26. Kf2 Nxe1 27. Rxd5 Nc2 28. a3 Rc8 29. f6 Re8 30. Bd7 Rf8 31. Rd2 1-0

[Event "Titled Tuesday 2024.07.30 Early"]
[Site "chess.com INT"]
[Date "2024.07.30"]
[Round "8"]
[White "Deng, Henry"]
[Black "Samsonkin, Artiom"]
[Result "0-1"]
[WhiteElo "2336"]
[BlackElo "2363"]
[WhiteFideId "-1"]
[WhiteFideId "-1"]
[PlyCount "78"]
[GameId "2130307540746765"]
[EventDate "2024.07.30"]
[EventType "swiss (blitz)"]
[EventRounds "11"]
[EventCountry "NET"]
[SourceTitle "The Week in Chess 1552"]
[Source "Mark Crowther"]
[SourceDate "2024.08.05"]
[SourceVersion "1"]
[SourceVersionDate "2024.08.05"]
[SourceQuality "2"]

1. e4 c5 2. Nc3 e6 3. d4 cxd4 4. Qxd4 Nc6 5. Qe3 Nf6 6. Nf3 d5 7. exd5 Nxd5 8. Nxd5 Qxd5 9. Bd3 Bc5 10. Qe2 O-O 11. O-O Qh5 12. Be3 Bd6 13. Rad1 Bc7 14. h3 e5 15. Nd2 Qh4 16. Nf3 Qh5 17. Nd2 Qxe2 18. Bxe2 Bf5 19. c3 Rfd8 20. Bf3 Be6 21. Nb3 Bb6 22. Nc5 Bxc5 23. Bxc5 Bxa2 24. Rxd8+ Rxd8 25. Ra1 Bd5 26. Bxd5 Rxd5 27. Bxa7 f5 28. g4 f4 29. b4 Rd3 30. b5 Ne7 31. Bb8 Ng6 32. c4 Kf7 33. Ra7 Ke6 34. Rxb7 Nh4 35. Rxg7 Rd1+ 36. Kh2 Nf3+ 37. Kg2 Nh4+ 38. Kh2 Rf1 39. Ba7 e4 0-1

[Event "Titled Tuesday 2024.07.30 Early"]
[Site "chess.com INT"]
[Date "2024.07.30"]
[Round "11"]
[White "Maltsevskaya, Aleksandra"]
[Black "Samsonkin, Artiom"]
[Result "1-0"]
[WhiteElo "2404"]
[BlackElo "2363"]
[WhiteFideId "-1"]
[WhiteFideId "-1"]
[PlyCount "73"]
[GameId "2130307540755180"]
[EventDate "2024.07.30"]
[EventType "swiss (blitz)"]
[EventRounds "11"]
[EventCountry "NET"]
[SourceTitle "The Week in Chess 1552"]
[Source "Mark Crowther"]
[SourceDate "2024.08.05"]
[SourceVersion "1"]
[SourceVersionDate "2024.08.05"]
[SourceQuality "2"]

1. e4 c5 2. Nf3 e6 3. d4 cxd4 4. Nxd4 a6 5. Bd3 Bc5 6. Nb3 Ba7 7. O-O Ne7 8. c4 d6 9. Nc3 O-O 10. Kh1 e5 11. f4 exf4 12. Bxf4 Ng6 13. Bg3 Nc6 14. Be2 Nce5 15. Nd4 Be6 16. b3 Rc8 17. Rc1 Re8 18. Nf5 Rc6 19. Qd2 Qa5 20. Nxd6 Re7 21. Nf5 Rd7 22. Qe1 Nd3 23. Bxd3 Rxd3 24. Nd5 Qxe1 25. Rcxe1 Bc5 26. Bf2 Rd2 27. Bxc5 Rxc5 28. Rd1 Rxd1 29. Rxd1 h5 30. Nd4 Ne5 31. Kg1 b5 32. cxb5 axb5 33. Nf4 b4 34. Nfxe6 fxe6 35. Nxe6 Rc2 36. Ng5 Ng4 37. Rd8# 1-0

[Event "Titled Tuesday 2024.07.16 Early"]
[Site "Chess.com INT"]
[Date "2024.07.16"]
[Round "1"]
[White "Samsonkin, Artiom"]
[Black "Parfenov, Viktor N"]
[Result "1/2-1/2"]
[WhiteElo "2363"]
[BlackElo "2193"]
[WhiteFideId "-1"]
[WhiteFideId "-1"]
[PlyCount "145"]
[GameId "2070292906409984"]
[EventDate "2024.07.16"]
[EventType "swiss (blitz)"]
[EventRounds "11"]
[EventCountry "NET"]
[SourceTitle "EXT 2025"]
[Source "ChessBase"]
[SourceDate "2024.10.14"]
[SourceVersion "1"]
[SourceVersionDate "2024.10.14"]
[SourceQuality "1"]

1. e4 c6 2. d4 d5 3. exd5 cxd5 4. Nf3 Nf6 5. Ne5 Nc6 6. Bb5 Bd7 7. Nxd7 Qxd7 8. c3 e6 9. O-O Bd6 10. Nd2 O-O 11. Nf3 Qc7 12. Re1 Nd7 13. Bd3 Bf4 14. Ng5 g6 15. Qg4 Bxc1 16. Raxc1 Rfe8 17. Qh4 Nf8 18. Re3 e5 19. dxe5 Rxe5 20. Rce1 Rae8 21. Rxe5 Rxe5 22. Rd1 Qe7 23. Nf3 Qxh4 24. Nxh4 Re7 25. Nf3 Ne6 26. Bb5 a6 27. Bf1 Rd7 28. a3 d4 29. c4 a5 30. g3 Kf8 31. Bg2 h6 32. Ne1 Ne5 33. b3 a4 34. f4 Ng4 35. bxa4 Ne3 36. Rd2 Nxc4 37. Rc2 Nxa3 38. Rc8+ Kg7 39. Nd3 b6 40. Rb8 Nc4 41. Rc8 Rc7 42. Rb8 Nc5 43. Bf1 Nxd3 44. Bxd3 Nb2 45. Bb5 d3 46. Rd8 Rc3 47. Rd6 Kf8 48. Kf2 Ke7 49. Rd7+ Ke6 50. Ke1 Rc2 51. Rd8 Re2+ 52. Kf1 Rxh2 53. Bxd3 Nxd3 54. Rxd3 Ra2 55. Rd4 h5 56. Rb4 Kf5 57. Rxb6 Rxa4 58. Rb7 f6 59. Kg2 Ra3 60. Kh3 g5 61. fxg5 fxg5 62. Rb5+ Kg6 63. Rb6+ Kg7 64. Rb7+ Kf6 65. Rb6+ Kf5 66. Rb5+ Kg6 67. Rb6+ Kf7 68. Rb7+ Ke6 69. Rb6+ Kd7 70. Rb5 h4 71. Rxg5 Rxg3+ 72. Rxg3 hxg3 73. Kxg3 1/2-1/2

[Event "Titled Tuesday 2024.07.16 Early"]
[Site "Chess.com INT"]
[Date "2024.07.16"]
[Round "3"]
[White "Samsonkin, Artiom"]
[Black "Asensio Ramos, Enrique Fernando"]
[Result "1-0"]
[WhiteElo "2363"]
[BlackElo "2215"]
[WhiteFideId "-1"]
[WhiteFideId "-1"]
[PlyCount "65"]
[GameId "2070292908146688"]
[EventDate "2024.07.16"]
[EventType "swiss (blitz)"]
[EventRounds "11"]
[EventCountry "NET"]
[SourceTitle "EXT 2025"]
[Source "ChessBase"]
[SourceDate "2024.10.14"]
[SourceVersion "1"]
[SourceVersionDate "2024.10.14"]
[SourceQuality "1"]

1. e4 c6 2. Nc3 d5 3. Nf3 dxe4 4. Nxe4 Nf6 5. Qe2 Nxe4 6. Qxe4 Qd5 7. Qf4 Qf5 8. Qe3 Qxc2 9. Bd3 Qa4 10. O-O Nd7 11. b3 Qa5 12. Bb2 Nf6 13. Rfe1 Bg4 14. Ne5 Be6 15. Qg3 Rd8 16. Bc4 Bd5 17. Re2 h5 18. h4 e6 19. Rae1 Qb6 20. Ng6 fxg6 21. Bxf6 gxf6 22. Bxd5 Rxd5 23. Qxg6+ Kd7 24. Rxe6 Bc5 25. Qg7+ Kc8 26. Qxh8+ Rd8 27. Qxf6 Bxf2+ 28. Qxf2 Rxd2 29. Re8+ Kd7 30. R1e7+ Kd6 31. Qxb6 axb6 32. Rd8+ Kxe7 33. Rxd2 1-0

[Event "Titled Tuesday 2024.07.16 Early"]
[Site "Chess.com INT"]
[Date "2024.07.16"]
[Round "5"]
[White "Samsonkin, Artiom"]
[Black "Jianu, Vlad Cristian"]
[Result "1-0"]
[WhiteElo "2363"]
[BlackElo "2478"]
[WhiteFideId "-1"]
[WhiteFideId "-1"]
[PlyCount "39"]
[GameId "2070292910112768"]
[EventDate "2024.07.16"]
[EventType "swiss (blitz)"]
[EventRounds "11"]
[EventCountry "NET"]
[SourceTitle "EXT 2025"]
[Source "ChessBase"]
[SourceDate "2024.10.14"]
[SourceVersion "1"]
[SourceVersionDate "2024.10.14"]
[SourceQuality "1"]

1. e4 c6 2. Nc3 d5 3. Nf3 Bg4 4. h3 Bxf3 5. Qxf3 e6 6. d4 dxe4 7. Nxe4 Qxd4 8. Bg5 f6 9. Rd1 Qxb2 10. Qd3 Be7 11. Be3 Qa3 12. c3 f5 13. Ng5 Qxa2 14. Be2 Nf6 15. O-O Nd5 16. Nxe6 Kf7 17. Qxf5+ Bf6 18. Ng5+ Kf8 19. Qc8+ Ke7 20. Bc5# 1-0

[Event "Titled Tuesday 2024.07.16 Early"]
[Site "Chess.com INT"]
[Date "2024.07.16"]
[Round "10"]
[White "Sychev, Klementy"]
[Black "Samsonkin, Artiom"]
[Result "1-0"]
[WhiteElo "2537"]
[BlackElo "2363"]
[WhiteFideId "-1"]
[WhiteFideId "-1"]
[PlyCount "89"]
[GameId "2070292915179520"]
[EventDate "2024.07.16"]
[EventType "swiss (blitz)"]
[EventRounds "11"]
[EventCountry "NET"]
[SourceTitle "EXT 2025"]
[Source "ChessBase"]
[SourceDate "2024.10.14"]
[SourceVersion "1"]
[SourceVersionDate "2024.10.14"]
[SourceQuality "1"]

1. h4 e5 2. c4 Nf6 3. Nc3 Bb4 4. e3 Bxc3 5. bxc3 d6 6. f3 Nc6 7. e4 Be6 8. d4 Na5 9. Qa4+ c6 10. Ba3 Nxc4 11. Bxc4 b5 12. Qa6 Bxc4 13. Qxc6+ Nd7 14. Qxd6 Rb8 15. dxe5 Rb6 16. Qd4 Qc7 17. Bd6 Qc6 18. Rd1 Ra6 19. e6 Bxe6 20. Qxg7 Rf8 21. Bxf8 Nxf8 22. a3 Qc5 23. Ne2 Bc4 24. Qd4 Qc7 25. Rd2 Ne6 26. Qh8+ Ke7 27. O-O Rxa3 28. Rfd1 Bxe2 29. Rxe2 Rxc3 30. Qxh7 Rc1 31. Rxc1 Qxc1+ 32. Kh2 Qf4+ 33. Kh3 Qc1 34. g3 Qf1+ 35. Rg2 Qh1+ 36. Rh2 Qxf3 37. Qf5 Qxf5+ 38. exf5 Nd4 39. Rb2 a6 40. Ra2 Nxf5 41. Rxa6 b4 42. Rb6 Nd6 43. Rxb4 Ke6 44. Rb6 Ke5 45. Rxd6 1-0